000 00470nam a2200169Ia 4500
003 GCL
008 140319s9999 xx 000 0 eng d
040 _aGCL /
_cGCL
082 0 4 _a660.2969
_bR T
100 1 _aRAO, Y. V. C.
245 1 0 _aTHEORY AND PROBLEMS OF THERMODYNAMICS /
_cRAO, Y. V. C.
260 _a[S.N] :
_bWILEY EASTERN LIMITED
650 0 4 _aالتحليل الرياضى
650 0 4 _aTHERMODYNAMICS
650 0 4 _aCHEMICAL ENGINEERING
942 _2ddc
_cBK
999 _c20205
_d20205